[Event "22nd Hogeschool Zeeland 2018"]
[Site "Vlissingen"]
[Date "2018.08.05"]
[Round "2"]
[White "Elgersma, Simon"]
[Black "Chanda, Sandipan"]
[Result "1-0"]
[WhiteElo "2136"]
[BlackElo "2554"]
[Annotator "TA"]
[PlyCount "69"]
[EventDate "2018.08.04"]
[EventType "swiss"]
[EventCountry "NED"]
[SourceTitle "playchess.com"]
[Source "ChessBase"]
[SourceQuality "1"]

{[%evp 16,69,16,8,43,40,58,21,33,16,24,33,25,0,69,11,18,0,22,22,18,25,80,89,87,51,78,97,93,15,516,525,581,532,564,540,540,464,540,535,501,450,772,733,937,945,883,891,1235,648,2075,947,925,896,1146,1142]} 1. e4 g6 2. d4 Bg7 3. Nc3 c6 4. Nf3 d6 5. Be3 Nf6 6. h3 O-O 7. Bd3 Nbd7 8. O-O e5 9. a4 {LiveBook: 18 Partien. B08: Pirc-Ufimzew-Verteidigung} (9. Qd2 Re8 10. Rad1 b5 11. dxe5 dxe5 12. a4 a6 13. Ne2 Qe7 14. Ng3 Bb7 15. a5 c5 16. c4 b4 17. Bh6 {1-0 (49) Saric,I (2669)-Ponomariov,R (2694) Katowice 2017}) 9... b6 10. Qd2 Bb7 11. Rad1 $146 {Weiß steht etwas besser.} ({Vorgänger:} 11. Rfe1 Qe7 12. Bh6 Rad8 13. Bxg7 Kxg7 14. Rad1 exd4 15. Nxd4 Ne5 {0-1 (41) Jorge Bort,E (2168)-Mascarell Garcia,A (1892) Valencia 2002}) 11... exd4 12. Nxd4 Re8 13. Bh6 Bh8 14. Nf3 Qc7 (14... Nc5 $11) 15. Rfe1 (15. Bc4 $14) 15... Rad8 $11 16. Qf4 Nc5 17. Qh4 Nxd3 18. cxd3 {[%cal Bc2d3,Bd3d4][%mdl 32] Droht Lg5 und aus.} Nd7 (18... Nh5 $11) 19. d4 $16 a6 20. Bf4 $36 {[%mdl 2048] Weiss drückt.} Nf8 21. e5 dxe5 22. Nxe5 (22. Rxe5 $16 Bxe5 23. Bxe5 Rxe5 24. Nxe5) 22... f6 $2 {[%mdl 8192] [#]} (22... Qe7 $1 $11 {und Schwarz steht sicher.} 23. Nxg6 Qxh4 24. Nxh4 Rxe1+ 25. Rxe1 Bxd4) 23. Ng4 $1 $18 {[%csl LRc7,LRf6] Weiß steht klar auf Gewinn.} Qd7 24. Ne4 Rxe4 25. Nh6+ Kg7 26. Rxe4 Re8 27. Rxe8 Qxe8 28. Ng4 Nd7 (28... Kf7 $142 29. Nh6+ Kg7) 29. Bd2 h5 30. Re1 Qd8 31. Qg3 Nf8 32. Nxf6 c5 33. Nxh5+ (33. Bg5 $142) 33... Kg8 34. Nf4 Kh7 35. Ne6 {Precision: Weiß = 53%, Schwarz = 30%.} 1-0

[Event "22nd Hogeschool Zeeland 2018"]
[Site "Vlissingen"]
[Date "2018.08.05"]
[Round "2"]
[White "De Boer, Bas"]
[Black "Zeng, Chongsheng"]
[Result "0-1"]
[WhiteElo "2129"]
[BlackElo "2539"]
[Annotator "TA"]
[PlyCount "82"]
[EventDate "2018.08.04"]
[EventType "swiss"]
[EventCountry "NED"]
[SourceTitle "playchess.com"]
[Source "ChessBase"]
[SourceQuality "1"]

{[%evp 26,82,0,-10,0,-11,13,17,8,0,18,20,24,21,26,18,17,12,14,14,33,15,41,21,78,27,111,-46,-47,-36,-18,-59,-23,-125,-125,-142,-144,-228,-172,-301,-312,-425,-424,-410,-412,-466,-468,-447,-399,-492,-479,-667,-650,-614,-495,-452,-347,-507,-207]} 1. Nf3 d5 2. e3 Nf6 3. c4 e6 4. Nc3 Be7 5. b3 O-O 6. Bb2 Nbd7 7. d4 b6 8. Bd3 Bb7 9. O-O Re8 10. cxd5 exd5 11. Rc1 {E14: Queen's Indian: Classical Variation (4 e3)} (11. Ne5 a6 12. f4 Nf8 13. g4 Ne4 14. Nxe4 dxe4 15. Bc4 Bd5 16. a4 c6 17. g5 b5 18. axb5 cxb5 19. Bxd5 Qxd5 {1-0 (38) Riazantsev,A (2650)-Kuzubov,Y (2699) Riadh 2017}) 11... a6 12. Ne2 Bd6 13. Ng3 g6 14. Qc2 {LiveBook: 21 Games} Ng4 15. Rfe1 f5 $146 ({Predecessor:} 15... Rc8 16. e4 Bb4 17. Re2 c5 18. Qd1 cxd4 19. Rxc8 Qxc8 20. exd5 {1-0 (60) Hoang,T (2288)-Tan,Z (2460) Tabriz 2014}) 16. Ne2 Rc8 17. Nf4 Qe7 18. h3 Ngf6 19. Qe2 $36 {[%mdl 2048] Black is under pressure.} Ra8 20. g3 Ne4 21. h4 Qg7 22. Kg2 Re7 23. Rh1 Qh6 24. a3 c5 (24... c6 $11 {remains equal.}) 25. Rcd1 ({White should try} 25. Rhd1 $16) 25... Nef6 (25... Rae8 $11) 26. Ng5 $2 ({White should play} 26. dxc5 $16 Bxf4 27. c6 (27. gxf4 bxc5 28. Kg1 d4 $11) 27... Bxc6 28. Nd4 (28. gxf4 d4 $14)) 26... c4 $15 27. Bc2 b5 28. Ra1 Rae8 29. b4 (29. Bc3 $11 {keeps the balance.}) 29... Ng4 $17 30. Bc1 Qg7 {[#] aiming for ...Bxf4.} 31. Qf3 (31. Nf3 $17) 31... Ndf6 32. Bd2 (32. Ngh3 $142) 32... h6 $19 33. Ngh3 Ne4 34. Bxe4 dxe4 35. Qd1 g5 36. hxg5 hxg5 37. Ne2 {[#]} f4 $1 {[%mdl 512]} 38. gxf4 (38. exf4 e3+) 38... gxf4 {( -> ...Nxe3+)} 39. Kf1 fxe3 40. Bxe3 Nh2+ ({Weaker is} 40... Nxe3+ 41. fxe3 Bc8 42. Nhf4 $17) 41. Ke1 (41. Rxh2 {was forced.} Bxh2 42. Nef4) 41... Qg2 {Precision: White = 14%, Black = 41%.} (41... Nf3+ $142 42. Kf1 Qg4) 0-1

[Event "22nd Hogeschool Zeeland 2018"]
[Site "Vlissingen"]
[Date "2018.08.05"]
[Round "2"]
[White "Nachbar, Benjamin"]
[Black "Hausrath, Daniel"]
[Result "0-1"]
[WhiteElo "2123"]
[BlackElo "2502"]
[Annotator "TA"]
[PlyCount "128"]
[EventDate "2018.08.04"]
[EventType "swiss"]
[EventCountry "NED"]
[SourceTitle "playchess.com"]
[Source "ChessBase"]
[SourceQuality "1"]

{[%evp 22,128,0,-8,14,14,18,-12,0,0,19,-8,-8,-10,-10,-8,-8,-8,0,0,0,0,0,0,0,0,0,-4,0,0,-7,-15,-15,-15,-15,-15,-16,-15,-17,-30,-31,-32,-34,-65,-63,-92,-85,-321,-166,-976,-34,-37,-14,-14,-8,-8,0,-8,0,0,0,-8,0,0,0,-7,-7,-7,-7,-14,-21,-63,-80,-222,-139,-206,-91,-23,-8,-427,-419,-378,-375,-355,-334,-341,-319,-341,-341,-1437,-1390,-2015,-2336,-29961,-29962,-29964,-29966,-29964,-29963,-29971,-29972,-29969,-29961,-29980,-29981,-29981,-29982,-29993,-29994]} 1. d4 d5 2. Nf3 Nf6 3. c4 e6 4. Bg5 Be7 5. e3 h6 6. Bh4 O-O 7. Nc3 Ne4 8. Bxe7 Qxe7 9. Bd3 Nxc3 10. bxc3 dxc4 11. Bxc4 b6 {D56: Queen's Gambit Declined: Lasker Defence} 12. O-O {LiveBook: 13 Games} Nd7 (12... Bb7 13. Qe2 Nd7 14. Rfd1 c5 15. a4 {½-½ (15) Goncharov,O (2392)-Vlasenko,A (2436) Golubitskaya 2018}) 13. Qe2 c5 {The position is equal.} 14. Ba6 Rd8 15. a4 e5 $146 ({Predecessor:} 15... cxd4 16. cxd4 Bxa6 17. Qxa6 e5 18. dxe5 Nxe5 19. Nd4 Qh4 20. Rac1 Rd6 {1-0 (33) Werbeck,T (2143)-Simon,M (1934) Leverkusen 2010}) 16. dxe5 Nxe5 17. Nxe5 Qxe5 18. Bxc8 Raxc8 19. c4 Rc6 20. a5 Rcd6 21. axb6 axb6 22. Rad1 Qe4 {Hoping for ...Rxd1.} 23. Rxd6 Rxd6 $11 {[%mdl 4096] Endgame KQR-KQR} 24. h3 f5 {[%cal Bf7f5,Bf5f4][%mdl 32]} 25. Rc1 f4 26. Qc2 Qxc2 27. Rxc2 {KR-KR} Rd1+ 28. Kh2 fxe3 29. fxe3 Rd3 30. Kg3 Rxe3+ 31. Kf4 Re6 32. g4 Kf7 $1 33. h4 Rd6 $1 34. Re2 $2 (34. Rb2 $17) 34... Kf6 (34... Rd4+ $142 35. Re4 g5+ 36. hxg5 hxg5+ 37. Ke5 Rxe4+ 38. Kxe4 Ke6) 35. Re4 $2 (35. Rb2) 35... Rd3 $2 (35... Re6 $19 {...g5+ is the strong threat.} 36. Kf3 Rxe4 37. Kxe4 Ke6) 36. g5+ $15 hxg5+ 37. hxg5+ Kf7 38. Kf5 Rg3 39. Re1 g6+ 40. Kf4 Rc3 41. Re4 Rd3 42. Ke5 Rg3 43. Kf4 Rg1 44. Re2 Rf1+ 45. Kg4 Rd1 {Threatens to win with ...Rd4+.} 46. Rf2+ Ke7 47. Rf6 (47. Kf4 $17) 47... Rd6 $19 48. Rf4 (48. Rf3 $17) 48... Re6 (48... Kd7 $19 {has better winning chances.} 49. Rf8 Ke6 50. Re8+ Kf7) 49. Kf3 $17 Kd6 {With the idea ...Ke5.} 50. Rf8 $2 {[%mdl 8192]} (50. Rf7 $11) 50... Ke5 $1 $19 51. Rf7 Rd6 $1 {[%cal Rd6d3]} 52. Ke3 Rd4 53. Rf6 Rxc4 54. Rxg6 b5 $1 {[%cal Bb6b5,Bb5b4,Bb4b3][%mdl 32]} 55. Rb6 $2 (55. Kf3 b4 56. Rb6) 55... b4 56. g6 Rg4 57. Rc6 Kd5 {Black mates.} 58. Rf6 b3 59. Rf5+ {[#]} Kc6 $1 {[%cal Rc6b5]} 60. Kd3 {[#]} Kb5 $1 {[%cal Rb5b4]} 61. Kc3 Rg3+ 62. Kb2 Kb4 63. Rf6 Rg2+ 64. Ka1 c4 {Precision: White = 35%, Black = 59%.} 0-1

[Event "22nd Hogeschool Zeeland 2018"]
[Site "Vlissingen"]
[Date "2018.08.05"]
[Round "2"]
[White "Oosterom, Erik"]
[Black "Henrichs, Thomas"]
[Result "0-1"]
[WhiteElo "2113"]
[BlackElo "2486"]
[Annotator "TA"]
[PlyCount "55"]
[EventDate "2018.08.04"]
[EventType "swiss"]
[EventCountry "NED"]
[SourceTitle "playchess.com"]
[Source "ChessBase"]
[SourceQuality "1"]

{[%evp 24,55,0,0,21,24,25,22,18,15,24,10,25,0,0,-47,-41,-51,-58,-54,-55,-60,-56,-66,-47,-52,-20,-94,-83,-96,-91,-234,-237,-944]} 1. Nf3 Nf6 2. c4 g6 3. Nc3 Bg7 4. e4 d6 5. d4 O-O 6. Be2 e5 7. d5 a5 8. Bg5 h6 9. Bh4 Na6 10. Nd2 Bd7 11. O-O Qe8 12. Bxf6 {E92: King's Indian: Classical: 6 Be2 e5: 7 dxe5, 7 Be3 and Petrosian System without 7...Nbd7} (12. b3 Nh7 13. f3 h5 14. a3 Bh6 15. Rb1 Nc5 16. Qc2 f5 17. b4 axb4 18. axb4 Na4 19. Nd1 g5 20. Bf2 g4 21. fxg4 Bxd2 22. Qxd2 f4 23. gxh5 Ng5 {1-0 (75) Giri,A (2784)-Ding,L (2732) Wijk aan Zee 2015 CBM 165 [Szabo,Kr]}) 12... Bxf6 13. Bg4 {LiveBook: 5 Games} c6 $146 ({Predecessor:} 13... Nc5 14. Bxd7 Qxd7 15. Nb3 Be7 16. Nxc5 dxc5 17. Qd2 Bg5 18. Qd3 f5 19. Qh3 Qg7 {1-0 (73) Kovalenko,I (2578)-Levin,E (2481) St Petersburg 2011}) 14. Bxd7 {The position is equal.} Qxd7 15. a3 Rfc8 16. Qe2 Bd8 17. Kh1 Bb6 18. dxc6 bxc6 19. Rac1 Nc5 {[%cal Ba6c5,Bc5e6,Be6f4][%mdl 32]} 20. b4 axb4 21. axb4 Ne6 22. b5 Nf4 23. bxc6 Qxc6 24. Qf3 Bd4 25. g3 (25. Nd5 $11 Nxd5 26. exd5) 25... Bxc3 $1 $17 26. Rxc3 {[#]} Ne6 $1 27. Nb3 (27. Qe3 $17) 27... Ng5 $1 $19 {[%csl LRe4,LRf3]} 28. Qe2 $2 (28. Qg2) 0-1

[Event "22nd Hogeschool Zeeland 2018"]
[Site "Vlissingen"]
[Date "2018.08.05"]
[Round "2"]
[White "Kalisvaart, Peter"]
[Black "Beerdsen, Thomas"]
[Result "0-1"]
[WhiteElo "2090"]
[BlackElo "2469"]
[Annotator "TA"]
[PlyCount "66"]
[EventDate "2018.08.04"]
[EventType "swiss"]
[EventCountry "NED"]
[SourceTitle "playchess.com"]
[Source "ChessBase"]
[SourceQuality "1"]

{[%evp 10,66,0,-17,0,-17,1,-7,6,0,-14,-65,-66,-84,-76,-158,-140,-162,-148,-146,-114,-211,-222,-214,-169,-206,-199,-333,-329,-331,-323,-315,-389,-375,-380,-370,-379,-422,-423,-546,-519,-541,-542,-540,-539,-540,-533,-525,-526,-553,-497,-513,-515,-716,-720,-689,-683,-614,-565]} 1. d4 Nf6 2. Bg5 d5 3. Nd2 c5 4. e3 (4. dxc5 e6 5. b4 a5 6. a3 b6 7. c4 bxc5 8. b5 Be7 9. Ngf3 O-O 10. e3 Nbd7 11. Be2 Bb7 {0-1 (85) Andreikin,D (2712)-Vachier Lagrave,M (2793) chess.com INT 2018}) 4... Qb6 5. dxc5 Qxb2 6. Ngf3 {LiveBook: 5 Games. D00: 1 d4 d5: Unusual lines} Qc3 7. Bb5+ $146 ({Predecessor:} 7. Bxf6 gxf6 8. Bb5+ Nc6 9. O-O Qxc5 10. c4 dxc4 11. Bxc4 Bg7 {½-½ (69) Dzagnidze,N (2516)-Lagno,K (2549) Beijing 2011}) 7... Nc6 8. O-O {The position is equal.} a6 9. Bxc6+ bxc6 10. Nb3 ({White should try} 10. Re1 $11) 10... Ne4 $15 11. Qd4 f6 $36 {[%mdl 2048] Keeping White busy.} ({But not} 11... Qxc2 $6 12. Qa4 $11) 12. Bh4 (12. Bf4 $142) 12... e5 $17 ({Don't do} 12... Qxc2 13. Rfc1 $15) 13. Qxc3 Nxc3 14. Nfd2 Bf5 15. Rfe1 (15. f4 $17 Bxc2 16. fxe5 fxe5 17. Nf3) 15... a5 $19 16. a4 Kd7 17. f3 Bxc2 18. Kf2 (18. Ra3 $142) 18... Bxb3 19. Nxb3 {intending Rec1.} Rb8 20. Nxa5 Bxc5 21. Rec1 d4 22. Kf1 Rb4 23. Be1 Ra8 {Black is clearly winning.} 24. exd4 exd4 25. Nxc6 Kxc6 26. Bxc3 dxc3 27. Rxc3 Rbxa4 28. Rac1 R8a5 29. R1c2 Kd5 30. Rd3+ Rd4 31. Ke2 Rxd3 32. Kxd3 Ra3+ 33. Ke2 f5 {Precision: White = 38%, Black = 92%.} 0-1

[Event "22nd Hogeschool Zeeland 2018"]
[Site "Vlissingen"]
[Date "2018.08.05"]
[Round "2"]
[White "Van Liempt, Michael"]
[Black "Vrolijk, Liam"]
[Result "1/2-1/2"]
[WhiteElo "2068"]
[BlackElo "2430"]
[Annotator "TA"]
[PlyCount "121"]
[EventDate "2018.08.04"]
[EventType "swiss"]
[EventCountry "NED"]
[SourceTitle "playchess.com"]
[Source "ChessBase"]
[SourceQuality "1"]

{[%evp 26,121,0,-1,4,0,0,-3,0,-17,0,-8,13,14,13,13,35,42,103,87,95,91,133,62,72,72,72,72,72,72,66,64,72,75,75,52,77,73,85,85,85,85,85,85,85,85,106,85,85,85,85,85,88,85,85,85,85,85,187,72,193,229,237,227,210,60,60,60,60,60,60,60,60,60,60,60,60,60,60,60,60,60,60,60,60,60,823,530,522,60,60,8,8,0,0,0,8,0]} 1. d4 Nf6 2. c4 g6 3. Nc3 Bg7 4. e4 d6 5. Nf3 O-O 6. Be2 e5 7. O-O Nc6 8. d5 Ne7 9. b4 a5 10. Ba3 axb4 11. Bxb4 Re8 {E97: King's Indian: Classical Main Line (6...e5 7 0-0 Nc6): 8 Be3 and 8 d5 Ne7, not 9 Ne1} 12. c5 (12. a4 c5 13. Ba3 Ra6 14. Nd2 Rf8 15. Bb2 Ne8 16. Nb5 f5 17. exf5 gxf5 {0-1 (36) Eljanov,P (2713)-Hjartarson,J (2513) Reykjavik 2018}) 12... dxc5 13. Bxc5 c6 14. dxc6 {LiveBook: 6 Games} Nxc6 15. Qxd8 $146 ({Predecessor:} 15. Bc4 Qxd1 16. Rfxd1 h6 17. h3 Bf8 18. Bxf8 Kxf8 {1-0 (29) Wantola,I (2330)-Den Hartog,M (2147) Netherlands 2015}) 15... Rxd8 16. Bb6 Re8 17. Rac1 Bg4 18. Rfd1 Nd7 19. Be3 Red8 20. Rb1 Ra3 21. Nb5 $36 {[%mdl 2048] Black is under pressure.} Rxa2 (21... Ra4 $14) 22. Bc4 $16 Ra4 23. Nd6 Rf8 24. Bb5 ({Much weaker is} 24. Rxb7 $6 Na5 $11) (24. Bb3 $16 Rd4 25. Bxd4 (25. Nxd4 exd4 26. f3 dxe3 $14) (25. Nxb7 Rxd1+ 26. Bxd1 Rb8 $11) 25... Nxd4 26. Bxf7+ (26. Nxb7 Ne2+ 27. Kf1 Nc3 $14) 26... Rxf7 27. Nxf7 Kxf7 28. Rxb7) 24... Raa8 $14 25. Nxb7 Nd4 26. Bxd7 $1 ({But not} 26. Bxd4 $6 exd4 27. h3 Bxf3 $11) 26... Bxd7 27. Nxd4 exd4 28. Bxd4 Ba4 29. Bxg7 Kxg7 30. Re1 Rab8 31. f3 Rfc8 32. Nd6 Rxb1 33. Rxb1 $16 {[%mdl 4096] Endgame KRB-KRN} Rc3 34. Rb7 Bb3 35. Kf2 Be6 36. Rc7 Rd3 37. e5 Kf8 38. Ne4 h6 39. Kg3 Rd5 40. Rc5 $1 Rd4 41. Ra5 g5 (41... Rb4 $16 {keeps fighting.}) 42. Kf2 (42. Ra8+ $1 $18 {and White stays clearly on top.} Kg7 43. Nf6) 42... Rb4 {[#]} (42... Kg7 $16) 43. Ra8+ $1 $18 Kg7 {[#]} 44. Nf6 $1 {[%csl Gf6][%cal Ra8g8]} Rb2+ 45. Ke3 ({Better is} 45. Kg3 $18 {[%csl Gf6][%cal Ra8g8]} Kg6 46. Rg8+ Kf5 47. Ng4) 45... h5 $14 46. Nxh5+ Kg6 47. g4 Rb3+ 48. Kf2 Rxf3+ $1 49. Kxf3 Bd5+ 50. Ke3 {White wants to mate with Rg8+.} Bxa8 {KB-KN} 51. Nf6 Bg2 52. Kd4 Bf3 53. Kc5 Kg7 54. Kd6 Be2 55. Ke7 Bc4 $2 {[%mdl 8192]} (55... Kg6 $14) 56. Ne8+ $18 Kg6 57. Kf8 $2 (57. Nd6 $18 Be6 58. Nxf7 Bxg4 59. e6) 57... Be2 $14 58. Nd6 (58. Nf6 $1 $14) 58... f6 $11 {The position is equal.} 59. exf6 Kxf6 60. h3 Ke5 61. Nf7+ {Precision: White = 59%, Black = 45%.} 1/2-1/2

[Event "22nd Hogeschool Zeeland 2018"]
[Site "Vlissingen"]
[Date "2018.08.05"]
[Round "2"]
[White "Du, Yuxin"]
[Black "Viani Antonio Dcunha"]
[Result "0-1"]
[WhiteElo "2064"]
[BlackElo "2414"]
[Annotator "NA"]
[PlyCount "108"]
[EventDate "2018.08.04"]
[EventType "swiss"]
[EventCountry "NED"]
[SourceTitle "playchess.com"]
[Source "ChessBase"]
[SourceQuality "1"]
[TimeControl "40/5400+30:1800+30"]

1. e4 {[%emt 0:00:00]} e5 {[%emt 0:00:00]} 2. Nf3 {[%emt 0:00:00]} Nc6 {[%emt 0:00:02]} 3. Bc4 {[%emt 0:01:07]} Nf6 {[%emt 0:00:22]} 4. Ng5 {[%emt 0:02:32]} d5 {[%emt 0:00:14]} 5. exd5 {[%emt 0:00:09]} Na5 {[%emt 0:00:09]} 6. Bb5+ {[%emt 0:01:15]} c6 {[%emt 0:00:10]} 7. dxc6 {[%emt 0:00:09]} bxc6 {[%emt 0:00:08]} 8. Be2 {[%emt 0:00:50]} h6 {[%emt 0:07:34]} 9. Nf3 {[%emt 0:01:00]} e4 {[%emt 0:00:14]} 10. Ne5 {[%emt 0:02:20]} Bd6 {[%emt 0:07:53]} 11. d4 {[%emt 0:00:36]} exd3 {[%emt 0:00:15]} 12. Nxd3 {[%emt 0:00:06]} Qc7 {[%emt 0:00:24]} 13. h3 {[%emt 0:05:13]} O-O {[%emt 0:03:39]} 14. O-O {[%emt 0:01:56]} c5 {[%emt 0:02:55]} 15. b3 {[%emt 0:01:27] C59: Two Knights: 4 Ng5 d5 5 exd5 Na5 5 Bb5+ c6 6 dxc6 bxc6 7 Be2} c4 {[%emt 0:02:03]} 16. bxc4 {[%emt 0:00:58]} Nxc4 {[%emt 0:01:18]} 17. Nd2 {[%emt 0:00:26]} Bf5 {[%emt 0:14:35]} (17... Nxd2 18. Bxd2 Bf5 19. Ne1 Ne4 20. Bd3 Rac8 21. Nf3 Bc5 22. Be3 Rfd8 23. Qc1 Nc3 24. Qd2 Ne4 25. Qc1 Nc3 26. Qd2 Ne4 27. Qc1 Nc3 {½-½ (27) Liu,Q (2523)-Yu,Y (2723) Xinghua 2015}) 18. Nxc4 {[%emt 0:21:03]} Qxc4 {[%emt 0:00:10]} 19. Bb2 {[%emt 0:03:13]} Ne4 $146 {[%emt 0:01:24]} ({Predecessor:} 19... Rac8 20. Bxf6 gxf6 21. Ne1 {½-½ (47) Malmstroem,J (1993)-Starace,U (1952) IECG email 2006}) 20. Ne5 {[%emt 0:40:05]} Qc7 {[%emt 0:03:11]} 21. Nc4 {[%emt 0:04:50]} Bh2+ {[%emt 0:04:56]} 22. Kh1 {[%emt 0:00:11]} Rad8 {[%emt 0:02:28]} 23. Bd3 {[%emt 0:04:42]} Nc5 {[%emt 0:01:08]} 24. Qf3 {[%emt 0:01:43]} Bxd3 {[%emt 0:01:27]} 25. cxd3 {[%emt 0:00:12]} Nxd3 {[%emt 0:01:22]} 26. Qg4 {[%emt 0:04:22]} Nxb2 {[%emt 0:05:12]} 27. Nxb2 {[%emt 0:00:06]} Be5 {[%emt 0:05:22]} 28. Rac1 {[%emt 0:00:55]} Qb7 {[%emt 0:01:43]} 29. Nc4 {[%emt 0:01:26]} Rd4 {[%emt 0:04:17]} 30. Qe2 {[%emt 0:00:37]} Bf4 {[%emt 0:00:58]} 31. Rcd1 {[%emt 0:00:51]} Rxd1 {[%emt 0:01:47]} 32. Rxd1 {[%emt 0:00:15]} Qc6 {[%emt 0:00:35]} 33. Na5 {[%emt 0:01:19]} Qa4 {[%emt 0:01:30]} 34. Nb3 {[%emt 0:00:15]} Re8 {[%emt 0:01:16]} 35. Qc2 {[%emt 0:00:18]} Qb4 {[%emt 0:06:39]} 36. g3 {[%emt 0:00:27]} Qb7+ {[%emt 0:00:29]} 37. Kh2 {[%emt 0:00:17]} Bg5 {[%emt 0:01:50]} 38. Qf5 {[%emt 0:00:48]} Re2 {[%emt 0:03:41]} 39. Nc5 {[%emt 0:00:38]} g6 {[%emt 0:10:33]} 40. Nxb7 {[%emt 0:00:48]} gxf5 {[%emt 0:00:06]} 41. Kg1 {[%emt 0:30:31]} Rxa2 {[%emt 0:30:39]} 42. f4 {[%emt 0:00:00]} Bf6 {[%emt 0:00:00]} 43. Rd5 {[%emt 0:00:00] [#]} Bc3 $1 {[%emt 0:00:00]} 44. Nd6 {[%emt 0:00:00]} a5 {[%emt 0:00:00]} 45. Nxf5 $17 {[%emt 0:00:00]} a4 {[%emt 0:00:00]} 46. Nxh6+ {[%emt 0:00:45]} Kh7 {[%emt 0:00:00]} 47. Nxf7 {[%emt 0:00:48]} Rd2 {[%emt 0:00:00]} 48. Ng5+ {[%emt 0:00:27]} Kh6 {[%emt 0:00:00]} 49. Rb5 {[%emt 0:01:22]} Bd4+ {[%emt 0:00:00]} 50. Kf1 {[%emt 0:00:16]} a3 {[%emt 0:00:00]} 51. Ra5 {[%emt 0:00:12]} Rf2+ {[%emt 0:00:00]} 52. Kg1 {[%emt 0:00:52]} Rxf4+ {[%emt 0:00:00]} 53. Kg2 {[%emt 0:00:26]} Rf2+ {[%emt 0:00:00]} 54. Kh1 {[%emt 0:00:05]} a2 {[%emt 0:00:00]} 0-1

[Event "22nd Hogeschool Zeeland 2018"]
[Site "Vlissingen"]
[Date "2018.08.05"]
[Round "2"]
[White "Hoffman, Ron"]
[Black "Schoppen, Casper"]
[Result "0-1"]
[WhiteElo "2041"]
[BlackElo "2395"]
[Annotator "ChessBase"]
[PlyCount "64"]
[EventDate "2018.08.04"]
[EventType "swiss"]
[EventCountry "NED"]
[SourceTitle "playchess.com"]
[Source "ChessBase"]
[SourceQuality "1"]
[TimeControl "40/5400+30:1800+30"]

1. d4 {[%emt 0:00:10]} Nf6 {[%emt 0:00:00]} 2. Bf4 {[%emt 0:00:25]} e6 {[%emt 0:00:57]} 3. e3 {[%emt 0:00:29]} d5 {[%emt 0:00:33]} 4. c3 {[%emt 0:00:31]} Bd6 {[%emt 0:00:28]} 5. Bg3 {[%emt 0:00:16]} c5 {[%emt 0:02:32]} 6. Nd2 {[%emt 0:02:21]} O-O {[%emt 0:01:20]} 7. Bd3 {[%emt 0:01:22]} Nc6 {[%emt 0:01:48]} 8. Ngf3 {[%emt 0:00:55]} c4 {[%emt 0:04:00]} 9. Bc2 {[%emt 0:00:24]} b5 {[%emt 0:01:02]} 10. Qe2 {[%emt 0:07:55]} Bb7 {[%emt 0:09:41]} 11. Ne5 {[%emt 0:06:26]} b4 {[%emt 0:07:39]} 12. e4 {[%emt 0:06:57]} Be7 {[%emt 0:18:14]} 13. Nxc6 {[%emt 0:12:45]} Bxc6 {[%emt 0:00:34]} 14. e5 {[%emt 0:00:09]} Nd7 {[%emt 0:01:15]} 15. Qh5 {[%emt 0:14:45]} g6 {[%emt 0:02:28]} 16. Qe2 {[%emt 0:03:18]} bxc3 {[%emt 0:04:44]} 17. bxc3 {[%emt 0:00:11]} Qa5 {[%emt 0:00:29]} 18. Qe3 {[%emt 0:08:11]} Ba4 {[%emt 0:02:50]} 19. Bxa4 {[%emt 0:00:55]} Qxa4 {[%emt 0:00:06]} 20. h4 {[%emt 0:00:29]} Qc2 {[%emt 0:12:33]} 21. h5 {[%emt 0:03:49]} g5 {[%emt 0:01:15]} 22. Ke2 {[%emt 0:07:18]} Rab8 {[%emt 0:01:54]} 23. Rac1 {[%emt 0:03:08]} Qf5 {[%emt 0:01:32]} 24. Rb1 {[%emt 0:01:15]} h6 {[%emt 0:07:43]} 25. f3 {[%emt 0:01:52]} Ba3 {[%emt 0:02:06]} 26. Bh2 {[%emt 0:03:16]} Nb6 {[%emt 0:01:22]} 27. g4 {[%emt 0:03:51]} Qc2 {[%emt 0:00:58]} 28. f4 {[%emt 0:01:26]} Na4 {[%emt 0:01:37]} 29. Kf3 {[%emt 0:08:10]} Nxc3 {[%emt 0:01:35]} 30. fxg5 {[%emt 0:00:14]} Nxb1 {[%emt 0:01:03]} 31. Rxb1 {[%emt 0:01:06]} Rxb1 {[%emt 0:00:21]} 32. Nxb1 {[%emt 0:00:48]} Bc1 {[%emt 0:01:19]} 0-1